Africa en América Latina /

Guardat en:
Dades bibliogràfiques
Autor corporatiu: UNESCO
Format: Llibre
Idioma:espanyol
Col·lecció:(El Mundo en América Latina)
Matèries:
Etiquetes: Afegir etiqueta
Sense etiquetes, Sigues el primer a etiquetar aquest registre!

MARC

LEADER 00000nam^a2200000^a^4500
001 000070021
005 20250521000000.0
009 20260310091426.513
020 |a 92-3-301436-3 
037 |a Acervo ITESO - Biblioteca 
041 |a ESP 
082 |a 306.  |b UNE 
110 |a UNESCO 
245 1 0 |a Africa en América Latina /  |c UNESCO; M. Moreno Fraginals. 
264 |a México :  |b Siglo XXI,  |c 1977 
300 |a 436 p. 
336 |a texto  |b txt  |2 rdacontenido 
337 |a sin mediación  |b n  |2 rdamedio 
338 |a volumen  |b nc  |2 rdasoporte 
440 3 |a (El Mundo en América Latina) 
649 |a XX 
650 |a Antropología Cultural -  |z Africa 
650 |a Antropología Cultural -  |z Latinoamérica 
910 |a Fondo Armando Suárez Gómez 
920 |a Impresos - Libros 
930 |a Fondos Especiales 
905 |a 111 
901 |a 0700003951  |b IT2  |c ESP  |u 20250521 
902 |a https://opac.biblio.iteso.mx/vufind/Record/000070021